| 000 | 01150cam a2200193 4500 | ||
|---|---|---|---|
| 001 | WB3930-20 | ||
| 008 | 030805n2003 000 0 eng u | ||
| 035 | _a(Sirsi) u123197 | ||
| 245 | _aCity slickers bolster rural prices | ||
| 260 | _c2003 | ||
| 490 |
_aRICS Press Release _v4 August 2003 (2) |
||
| 520 | _aThe latest "RICS rural land market survey" for the second quarter 2003 reveals that 44% of buyers of rural property between April and June 2003 were 'non-farmers'. This reflects a growing trend of people buying farms to live in the house and offering the farmland to neighbouring farmers to manage. The survey also shows that the price of farmland over the 12 months to June averaged £7 484 per hectare, little change from the previous year. "RICS rural land market survey Great Britain" available at www.rics.org/ricscms/bin/show?class=MarketSurvey&template=/includes/showmarketsurvey.html&id=63. www.rics.org/ricscms/bin/show?class=PressRelease&template=/includes/showpr.html&id=983 | ||
| 590 | _aWB | ||
| 650 | _aRICS SURVEYS | ||
| 650 | _aRURAL PROPERTY | ||
| 650 | _aFARMLAND PRICES | ||
| 690 | _aRURAL-MARKET | ||
| 942 | _n0 | ||
| 999 |
_c73167 _d73167 |
||